Lloyd's ports of the world directory of bunker suppliers 1996
Αποθηκεύτηκε σε:
| Συγγραφή απο Οργανισμό/Αρχή: | |
|---|---|
| Μορφή: | Βιβλίο |
| Γλώσσα: | English |
| Δημοσίευση: |
Colchester :
Lloyd's of London Press, Ltd.,
1996
|
| Θέματα: | |
| Ετικέτες: |
Προσθήκη ετικέτας
Δεν υπάρχουν, Καταχωρήστε ετικέτα πρώτοι!
|
MARC
| LEADER | 00000nam a2200000 i 4500 | ||
|---|---|---|---|
| 001 | 1/66311 | ||
| 008 | 980909s1996 eng d | ||
| 020 | |a 1850449317 | ||
| 035 | |l 10029797 | ||
| 040 | |a GR-MY-UA |b gre |e aacr | ||
| 041 | 0 | |a eng | |
| 082 | 0 | |a Π 387.1025 | |
| 110 | 2 | |a Lloyd's of London Press, Ltd. | |
| 245 | 1 | 0 | |a Lloyd's ports of the world directory of bunker suppliers 1996 |
| 260 | |a Colchester : |b Lloyd's of London Press, Ltd., |c 1996 | ||
| 300 | |a 888 p. |b 64 p. maps |e supplement | ||
| 650 | 0 | 0 | |a Harbors |x Directories. |
| 852 | |a INST |b CHIOS |e 19980909 |h 387.1025 LLO |p 005200015619 |q 005200015619 |t REF |y 23 | ||
| 852 | |a INST |b CHIOS |e 19980909 |h 387.1025 LLO |p 005200015620 |q 005200015620 |t REF |y 23 | ||
| 901 | |a BIBL-1998-3 | ||
| 909 | |a X |b 054844 | ||
| 909 | |a Χ |b 054847 (suppl.) | ||
| 922 | |a 2ΕΛΗ |b 199809 |c ΤΝΕΥ |d ΜΑΝΤΑΡΑΚΗΣ | ||